ARRUPE JESUIT UNIVERSITY

CORONAVIRUS -STOP THE SPREAD - CLEAN,DISINFECT,COVER
Normal view MARC view

Entry Personal Name

Number of records used in: 1

001 - CONTROL NUMBER

  • control field: 47820

003 - CONTROL NUMBER IDENTIFIER

  • control field: ARRUPE

005 - DATE AND TIME OF LATEST TRANSACTION

  • control field: 20190815112532.0

008 - FIXED-LENGTH DATA ELEMENTS

  • fixed length control field: 190815|| aca||aabn | a|a d

040 ## - CATALOGING SOURCE

  • Original cataloging agency: ARRUPE
  • Transcribing agency: ARRUPE

100 ## - HEADING--PERSONAL NAME

  • Personal name: Scott, Guy
  • Fuller form of name: (Guy Lindsay),
  • Dates associated with a name: 1944-
  • Relator term: author.

670 ## - SOURCE DATA FOUND

  • Source citation: Work cat.: (ARRUPE)0: Scott, Guy (Guy Lindsay), 1944- author., Adventures in Zambian politics :, 2019

 

Arrupe Library. PO Box MP320 Mt Pleasant, Harare, Zimbabwe
263 242 745411|librarian@aju.ac.zw